01588cam a2200253 a 450000500170000000800410001702000150005804100080007309200200008111000460010124502330014725000890038026000540046930000110052350002900053465300890082465301060091365300710101965300680109093000090115894200120116799900130117995201420119220240219133432.0100318s2004||||sp d | |||| 00| 0 spa d a8479034920 aspa c616.89l31sGUI1 aOrganización Mundial de la Salud.91006 aGuía de bolsillo de la Clasificación CIE-10.bClasificación de los Trastornos Mentales y del Comportamiento. Con glosario y criterios diagnósticos de investigación CIE-10 : CDI-10 /cOrganización Mundial de la Salud. a1a ed. 1a reimp.bTraducción Pedro García Parajuá y Mónica Magarito López. aMadrid: bEditorial Médica Panamericana;c2004. a315 p. aOrganización Mundial de la Salud. (2004). Guía de bolsillo de la Clasificación CIE-10. Clasificación de los Trastornos Mentales y del Comportamiento. Con glosario y criterios diagnósticos de investigación CIE-10 : CDI-10. (1a ed.). Madrid : Editorial Médica Panamericana. aListado de categorias: trastornos mentales orgánicos. Incluidos los sintomáticos aTrastornos mentales y del comportamiento, con glosario de definiciones, CDI-10 y notas diagnósticas aApéndice 1: criterios provisionales para trastornos determinados aApéndice 2: trastornos específicos de determinadas culturas a1192 2ddccBK c527d527 00102ddc40708REFaBFMbBFMcREFd2011-05-13l1o616.89 31 GUIp1192r2014-11-06s2013-03-15tej.1w2011-05-13yREFzLIBRO DE CONSULTA